Teoría computativa para valuación objetiva de puestos

Kaydedildi:
Detaylı Bibliyografya
Yazar: Cisneros, Antonio O (Yazar)
Materyal Türü: Kitap
Dil:İspanyolca
Baskı/Yayın Bilgisi: Ciudad de México Limusa 1972
Konular:
Etiketler: Etiketle
Etiket eklenmemiş, İlk siz ekleyin!

MARC

LEADER 00000nam a2200000 a 4500
001 UCU7091
003 CL-VaPUC
008 960628e19720000MX |||||||||||||||||spa|d
082 0 4 |a 658.32  |b CIS  |2 21 
100 0 |a Cisneros, Antonio O  |e author  |9 365617 
245 1 0 |a Teoría computativa para valuación objetiva de puestos 
300 |a 217 p 
942 |c BK 
945 |d 19960628 00:00:00  |a cmena 
260 |a Ciudad de México  |b Limusa  |c 1972 
650 0 |a Administración  |9 259325 
650 0 |a Salarios  |9 255321 
650 7 |a DETERMINACION DE SALARIOS  |2 CL-VaPUC  |9 365618 
650 0 |a Productividad   |9 335972 
650 7 |a ESTRUCTURA SALARIAL  |2 CL-VaPUC  |9 365619 
650 0 |a Salario mínimo  |9 365620 
583 |a last modification  |c 19960628 00:00:00  |k Rodrigo Vera 
999 |c 249795  |d 249793 
952 |0 0  |1 0  |4 0  |6 658_320000000000000_CIS_1972  |7 0  |8 A  |9 267312  |a BIBGIM  |b BIBGIM  |d 2019-11-19  |i 4076893  |l 1  |o 658.32 CIS 1972  |p 4076893  |r 2025-01-15  |s 2022-07-12  |w 2019-11-19  |y BK  |k GIM